00246nam a2200109Ia 4500008004100000100002000041245002200061250001200083260002400095300000900119650000800128191201s2010 xx 000 0 und d aROSS, Stephen A 0aCorporate Finance a3rd Rep aN. delhibTMHc2010 a1105 aMBA